LEADER 01318nam a2200289 i 4500 001 000000049802 003 CaOOAMICUS 005 20251015152643.0 008 961115s1986 it u000 u ita u 020 $a88-7016-043-2 040 $aSeMil$bita 100 1 $aMoltmann, Jürgen,$d<1926-2024>.$0(OLS)http://semarc/name/10148 240 10$aDiakonie im Horizont des Reiches Gottes.$0(OLS)http://semarc/title/456166 245 10$aDiaconia :$bil servizio cristiano nella prospettiva del Regno di Dio /$cJürgen Moltmann ; introduzione di Alberto Taccia. 264 1$aTorino :$bClaudiana,$c1986. 300 $a123 p. ;$c20 cm 490 1 $aPiccola collana moderna ;$v52 650 4$aDiaconato.$0(OLS)http://semarc/subject/3850 700 1 $aTaccia, Alberto <1927->.$0(OLS)http://semarc/name/24662 830 0$aPiccola collana moderna ;$v52.$0(OLS)http://semarc/title/7078 850 $aSeMil 852 $aSeMil$W1$xVenegono$y1$m3F II 507$j263318$B15957$CSeMilBibl$Z2$F15957 $81 961 $aOmaggio: Donazione 996 $6020$a88-7016-043-2$9(OLS)http://semarc/number/23331 996 $6245$aDiaconia :$bil servizio cristiano nella prospettiva del Regno di Dio$9(OLS)http://semarc/title/75871 996 $6264$aTorino :$bClaudiana$9(OLS)http://semarc/publisher/29837 LEADER 01954nam a2200337 i 4500 001 000000153733 003 CaOOAMICUS 005 20061023000000.0 008 061023s2003 it u000 u ita u 013 $a131076 020 $a88-215-5039-7 040 $aSeMil$bita 100 1 $aAcerbi, Antonio <1935-2004>.$0(OLS)http://semarc/name/15858 245 10$aGiovanni 23. e il Vaticano 2. :$batti degli Incontri svoltisi presso il Seminario vescovile di Bergamo, 1998-2001 /$cAntonio Acerbi ... [et al.] ; a cura di Gianni Carzaniga. 260 $aCinisello Balsamo :$bSan Paolo,$c2003. 300 $a109 p. ;$c21 cm. 650 4$aConcilio Vaticano II <1962-1965> - Studi.$0(OLS)http://semarc/subject/1167 650 4$aGiovanni XXIII - Atti di congressi.$0(OLS)http://semarc/subject/30060 700 1 $aCarzaniga, Gianni.$0(OLS)http://semarc/name/25790 773 0 $aIoannes XXIII $tOpere.$dCinisello Balsamo : San Paolo $w()7819 774 0 $aMonticone, Alberto <1931- >$tPontificato di Giovanni 23. nell'Italia degli anni cinquanta.$w()308909 774 0 $aZanchi, Goffredo $tDa Pio XII a Giovanni XXIII.$w()308910 774 0 $aAcerbi, Antonio <1935-2004>$tMagistero di Giovanni XXIII e la svolta conciliare.$w()308911 774 0 $aBertuletti, Angelo <1940- >$tGiovanni XXIII e il Concilio.$w()308912 774 0 $aLafont, Ghislain $tTradizione e profezia in Giovanni XXIII.$w()308913 850 $aSeMil 852 $aSeMil$W1$xVenegono$y1$m2A I 37$j105622$B105622$CSeMilBibl$Z2$F114847 $81 961 $aAcquisto: IBS - Internet Bookshop Italia 996 $6020$a88-215-5039-7$9(OLS)http://semarc/number/143566 996 $6245$aGiovanni 23. e il Vaticano 2. :$batti degli Incontri svoltisi presso il Seminario vescovile di Bergamo, 1998-2001$9(OLS)http://semarc/title/224896 996 $6260$aCinisello Balsamo :$bSan Paolo$9(OLS)http://semarc/publisher/30129